UBT Library

Introductory algebra. (Record no. 44667)

000 -LEADER
fixed length control field 00934cam a22002534a 4500
001 - CONTROL NUMBER
control field 15312882
005 - DATE AND TIME OF LATEST TRANSACTION
control field 20180312044040.0
008 - FIXED-LENGTH DATA ELEMENTS--GENERAL INFORMATION
fixed length control field 080602s2010 maua 001 0 eng
010 ## - LIBRARY OF CONGRESS CONTROL NUMBER
LC control number 2008024479
020 ## - INTERNATIONAL STANDARD BOOK NUMBER
International Standard Book Number 0321557131 (pbk. : student edition)
020 ## - INTERNATIONAL STANDARD BOOK NUMBER
International Standard Book Number 9780321557131 (pbk. : student edition)
020 ## - INTERNATIONAL STANDARD BOOK NUMBER
International Standard Book Number 9780321576378 (annotated instructor's edition)
020 ## - INTERNATIONAL STANDARD BOOK NUMBER
International Standard Book Number 0321576373 (annotated instructor's edition)
040 ## - CATALOGING SOURCE
Original cataloging agency DLC
Transcribing agency DLC
Modifying agency DLC
041 ## - LANGUAGE CODE
Language code of text/sound track or separate title eng
080 ## - UNIVERSAL DECIMAL CLASSIFICATION NUMBER
Universal Decimal Classification number 973 kee
082 00 - DEWEY DECIMAL CLASSIFICATION NUMBER
Classification number 973 kee
Edition number 22
100 1# - Rafti
Rafti 36
101 ## - Shkurtesa
Shkurtesa mat
245 10 - TITLE STATEMENT
Title Introductory algebra.
906 ## - LOCAL DATA ELEMENT F, LDF (RLIN)
a 7
b cbc
c orignew
d 1
e ecip
f 20
g y-gencatlg
942 ## - ADDED ENTRY ELEMENTS (KOHA)
Source of classification or shelving scheme
Item type Books
Holdings
Withdrawn status Lost status Source of classification or shelving scheme Damaged status Not for loan Collection code Permanent location Current location Shelving location Date acquired Total Checkouts Full call number Barcode Date last seen Price effective from Koha item type
          Koleksioni i përgjithshem UBT - Lipjan UBT - Lipjan Koleksioni i përgjithshem 03/12/2018   973 kee 002-3001834 03/12/2018 03/12/2018 Books
          Koleksioni i përgjithshem UBT - Lipjan UBT - Lipjan Koleksioni i përgjithshem 03/05/2021   51 LIA 002-7000901 03/05/2021 03/05/2021 Books
          Koleksioni i përgjithshem UBT - Lipjan UBT - Lipjan   02/06/2023   51LIA 003-218 02/06/2023 02/06/2023 Books
          Koleksioni i përgjithshem UBT - Lipjan UBT - Lipjan   02/08/2023   51HOR 003-282 02/08/2023 02/08/2023 Books
UBT Library © 2015-2024. All rights reserved University Education for Business and Technology